00765nam a2200265 a 4500001001300000003000900013005001700022008004100039020000900080082001900089100001800108245004800126260003700174300000900211500003500220505002600255650001300281650002900294650002900323700001800352902000800370942000700378952009900385999001500484nice12345678IN_TiNIC20260116012724.0050817s1987 newa grp 000 0 eng  ac1200a294.5172bGOE1 aGoel, Sitaran aMuslim Separatismb Causes and Consequences aNew DelhibVoice of India c1987 a130p aincludes index and biblioraphy2 aAppendex, 148p, Index aHindutva aIslam-Relations Hinduism aPolemics-Hindu Vs Muslim1 aGoel, Sitaran bSRS cBK 00104070aHMIbHMId2007-07-25g12.00l0o294.5172 GOE1p013565r2007-07-25w2026-01-16yEB c8103d8103